<?xml version="1.0" encoding="UTF-8"?>
<record
    xmlns:xsi="http://www.w3.org/2001/XMLSchema-instance"
    xsi:schemaLocation="http://www.loc.gov/MARC21/slim http://www.loc.gov/standards/marcxml/schema/MARC21slim.xsd"
    xmlns="http://www.loc.gov/MARC21/slim">

  <leader>01576nam a2200241Ia 4500</leader>
  <datafield tag="952" ind1=" " ind2=" ">
    <subfield code="0">0</subfield>
    <subfield code="1">0</subfield>
    <subfield code="4">0</subfield>
    <subfield code="7">0</subfield>
    <subfield code="a">04</subfield>
    <subfield code="b">04</subfield>
    <subfield code="d">2011-03-28</subfield>
    <subfield code="l">79</subfield>
    <subfield code="m">6</subfield>
    <subfield code="o">KGF5422 A58 2005</subfield>
    <subfield code="p">04 003186</subfield>
    <subfield code="r">2018-11-10</subfield>
    <subfield code="s">2018-10-27</subfield>
    <subfield code="t">1</subfield>
    <subfield code="w">2012-06-24</subfield>
    <subfield code="y">LB</subfield>
  </datafield>
  <datafield tag="952" ind1=" " ind2=" ">
    <subfield code="0">0</subfield>
    <subfield code="1">0</subfield>
    <subfield code="4">0</subfield>
    <subfield code="7">0</subfield>
    <subfield code="a">04</subfield>
    <subfield code="b">04</subfield>
    <subfield code="d">2011-04-28</subfield>
    <subfield code="l">116</subfield>
    <subfield code="m">14</subfield>
    <subfield code="o">KGF5422 A58 2005</subfield>
    <subfield code="p">04 003266</subfield>
    <subfield code="r">2018-12-17</subfield>
    <subfield code="s">2018-12-13</subfield>
    <subfield code="t">2</subfield>
    <subfield code="w">2012-06-24</subfield>
    <subfield code="y">LB</subfield>
  </datafield>
  <datafield tag="952" ind1=" " ind2=" ">
    <subfield code="0">0</subfield>
    <subfield code="1">0</subfield>
    <subfield code="4">0</subfield>
    <subfield code="7">0</subfield>
    <subfield code="a">04</subfield>
    <subfield code="b">04</subfield>
    <subfield code="d">2012-10-04</subfield>
    <subfield code="l">74</subfield>
    <subfield code="m">15</subfield>
    <subfield code="o">KGF5422 A58 2005</subfield>
    <subfield code="p">04 004088</subfield>
    <subfield code="r">2019-03-02</subfield>
    <subfield code="s">2019-02-23</subfield>
    <subfield code="t">3</subfield>
    <subfield code="w">2012-10-04</subfield>
    <subfield code="y">LB</subfield>
  </datafield>
  <datafield tag="999" ind1=" " ind2=" ">
    <subfield code="c">62709</subfield>
    <subfield code="d">62709</subfield>
  </datafield>
  <controlfield tag="008">120625s2005    mx            001 0 spa d</controlfield>
  <datafield tag="020" ind1=" " ind2=" ">
    <subfield code="a">9789706138064</subfield>
  </datafield>
  <datafield tag="050" ind1=" " ind2="4">
    <subfield code="a">KGF5422 </subfield>
    <subfield code="b">A58 2005</subfield>
  </datafield>
  <datafield tag="100" ind1="1" ind2=" ">
    <subfield code="a">Amuchategui Requena, I. Griselda</subfield>
    <subfield code="e"> , autor </subfield>
  </datafield>
  <datafield tag="245" ind1="1" ind2="0">
    <subfield code="a">Derecho penal </subfield>
    <subfield code="c"> / I. Griselda Amuchategui Requena </subfield>
  </datafield>
  <datafield tag="250" ind1=" " ind2=" ">
    <subfield code="a">3a. edici&#xF3;n </subfield>
  </datafield>
  <datafield tag="260" ind1=" " ind2=" ">
    <subfield code="a">M&#xE9;xico</subfield>
    <subfield code="b"> : Oxford </subfield>
    <subfield code="c"> , 2005</subfield>
  </datafield>
  <datafield tag="300" ind1=" " ind2=" ">
    <subfield code="a">xxx, 538 p&#xE1;ginas </subfield>
    <subfield code="c"> ; 23 cm. </subfield>
  </datafield>
  <datafield tag="490" ind1="0" ind2=" ">
    <subfield code="a">Textos Jur&#xED;dicos Universitarios </subfield>
  </datafield>
  <datafield tag="500" ind1=" " ind2=" ">
    <subfield code="a">Ejemplar 1 (04 003186) y 2 (04 003266) son 10a. reimpresi&#xF3;n 2010
Ejemplar 3 (04 004088)13a. reimpresi&#xF3;n 2012</subfield>
  </datafield>
  <datafield tag="504" ind1=" " ind2=" ">
    <subfield code="a">Bibliograf&#xED;a: pp. 521-524</subfield>
  </datafield>
  <datafield tag="505" ind1="0" ind2=" ">
    <subfield code="a">Generalidades del derecho penal 
Teor&#xED;a de la ley penal 
Teor&#xED;a del delito 
Conducta y su aspecto negativo 
Tipicidad y su aspecto negativo 
Antijuridicidad y su aspecto negativo 
Imputabilidad y su aspecto negativo 
Culpabilidad y su aspecto negativo 
Punibilidad y su aspecto negativo 
Teor&#xED;a del delincuente 
Teor&#xED;a de la pena 
Delitos en particular 
Delitos de da&#xF1;o contra la vida y la integridad corporal 
Homicidio 
Participaci&#xF3;n en el suicidio 
Aborto 
Infanticidio (homicidio atenuado) 
Homicidio en raz&#xF3;n del parentesco o relaci&#xF3;n (parricidio) 
Violencia familiar 
Lesiones 
Delitos de peligro efectivo y presunto </subfield>
  </datafield>
  <datafield tag="519" ind1=" " ind2=" ">
    <subfield code="a">Plan Flexible / </subfield>
    <subfield code="b">Derecho / </subfield>
    <subfield code="c">Derecho Penal I (P04) / </subfield>
    <subfield code="d">(04 004088)</subfield>
  </datafield>
  <datafield tag="519" ind1=" " ind2=" ">
    <subfield code="a">Plan Flexible / </subfield>
    <subfield code="b">Derecho / </subfield>
    <subfield code="c">Derecho Penal II (P09) / </subfield>
    <subfield code="d">(04 003266)</subfield>
  </datafield>
  <datafield tag="519" ind1=" " ind2=" ">
    <subfield code="a">Material Complementario / </subfield>
    <subfield code="d">(04 003186) </subfield>
  </datafield>
  <datafield tag="650" ind1=" " ind2="4">
    <subfield code="a">DERECHO PENAL</subfield>
    <subfield code="z">M&#xC9;XICO </subfield>
  </datafield>
  <datafield tag="942" ind1=" " ind2=" ">
    <subfield code="c">LB</subfield>
  </datafield>
</record>
